| 000 | 00365nam a2200109Ia 4500 | ||
|---|---|---|---|
| 008 | 171211s9999 xx 000 0 und d | ||
| 245 | _aIl Morandini 2011, Dizionario dei film | ||
| 245 | _cLaura Morandini, Luisa Morandini, and Morando Morandini | ||
| 260 | _c2011 | ||
| 650 | _xEncyclopedia and Dictionary | ||
| 856 | _uhttp://down.ebook777.com/057/9788808227225.pdf | ||
| 999 |
_c350183 _d350183 |
||